000 01026na a2200301 4500
001 15273
003 MIRAKIL
005 20181213155024.0
008 161006b tu 000 0
035 _a15273
040 _aMilas
_btur
_cTR-AnCHP
041 _atur
_ager
082 _a303.482
_bT96k 1995
090 _a303.482 T96k 1995
111 _aTürk - Alman Sempozyumu
_cHamburg
_d1995
_kKültür ilişkileri
245 _aKültür ilişkileri Türk - Alman Sempozyumu
_csorumlu Aydan Özoğuz; çeviri Tevfik Turan
246 _aKulturkontakte Deutsch - Türkisches Symposium
260 _aHamburg
_bKörber-Stiftung
_c1996
300 _a330 s.
_c24 sm.
650 _aTürkler
_xSosyo kültürel yaşam
_zAlmanya
651 _aAlmanya
_xDış ilişkiler
_yToplantılar
_zTürkiye
651 _aTürkiye
_xDış ilişkiler
_yToplantılar
_zAlmanya
651 _aTürkiye
_xKültür
_yAlmanya
657 _aTürk Alman kültürel ilişkiler
700 _aTuran, Tevfik
700 _aÖzoğuz, Aydan
942 _2ddc
_cBKS
999 _c5001
_d5001